000 00474nam a2200181Ia 4500
005 20230719084454.0
008 131103s9999 xx 000 0 und d
040 _aLoreto College
041 _aEnglish
082 _a994
_bHUR
100 _aHurley,Frank
245 _aSydney
_b a Camera Study
_cFrank Hurley
260 _aSydney
_bAngus and Robertson
_c1948
300 _a240 p.
_b illus. (some col.)
650 _aAustralia - Geography
850 _aLCLIB
942 _cBK
999 _c12948
_d63427